| 000 | 01039nam0a2200277 4500 | ||
|---|---|---|---|
| 001 | rc\2585586 | ||
| 005 | 20250623121602.0 | ||
| 035 | _a(NLR Aleph) 006749973 | ||
| 090 |
_a5734171 _c5734171 |
||
| 100 | _a20110914d1929 |||y0rusy50 ca | ||
| 101 | 1 |
_arus _cger |
|
| 102 | _aRU | ||
| 105 | _aa z ||||| | ||
| 200 | 1 |
_aКарточная система в коммерческих учреждениях _fВ. Дукс _gпер. с нем. О. Ф. Янкович |
|
| 210 |
_aМосква _cТехника управления _d1929 _g4-я тип. "Мосполиграф" |
||
| 215 |
_a72 с. _cил., черт. _d21 |
||
| 225 | 1 |
_aБиблиотека экономного хозяйствования _fпод ред. Ю. О. Любовича _vвып. 2 |
|
| 300 | _aНа тит. л.: 4-6 тысяча | ||
| 700 | 1 |
_aДукс _bВ. |
|
| 702 | 1 |
_aЯнкович _bО. Ф. _4730 |
|
| 801 | 0 |
_aRU _bNLR _gpsbo |
|
| 801 | 1 |
_aRU _bELAR _2rusmarc |
|
| 852 |
_aNLR _j30-18/19(2) |
||
| 942 | _cBOOK | ||
| 980 | _aNB | ||